| 000 | 00970nam2a2200229 4500 | ||
|---|---|---|---|
| 001 | rc\2636860 | ||
| 005 | 20260315042312.0 | ||
| 035 | _a(NLR Aleph) 006945114 | ||
| 090 |
_a13560499 _c13560499 |
||
| 100 | _a20110601d1928 u y0rusy50 ca | ||
| 101 | 0 | _arus | |
| 102 | _aRU | ||
| 105 | _ay z ||||| | ||
| 200 | 1 |
_aПустыни АССР и их экономическое будущее _e(Альфа) |
|
| 210 | _d1928 | ||
| 461 | 0 |
_1001rc\2636855 _12001#$aМатериалы Азгосмузея$e[Т. 1]. Вып. 1-$vТом 1. Вып. 7 _95191050 _aАзербайджанский государственный музей (Баку) _cБаку _d1927-1928 _nО-во обследования и изучения АССР _o[Т. 1]. Вып. 1- _tМатериалы Азгосмузея _vТом 1. Вып. 7 |
|
| 700 | 1 |
_aШванн-Гурийский _bП.В. |
|
| 801 | 0 |
_aRU _bNLR _gpsbo |
|
| 801 | 1 |
_aRU _bELAR _2rusmarc |
|
| 852 |
_aNLR _j48/271 |
||
| 942 | _cUNSPEC | ||
| 980 | _aNB | ||